| 000 | 01041nam a2200265Ia 4500 | ||
|---|---|---|---|
| 001 | 18285 | ||
| 003 | GE_BSU | ||
| 008 | 181216s||||||||xx |||||||||||||| ||und|| | ||
| 020 | _a9789941052194 | ||
| 040 | _cGE_BSU | ||
| 080 | _a330.322.01 | ||
| 100 | _aქოქიაური,ლამარა | ||
| 245 | _aინვესტიციების თეორიული გენეზისი=Theoretical Genesis of investments | ||
| 245 | _cმეცნ.რედ. ლეო ჩიქავა | ||
| 250 | _aმეორე გამოცემა. | ||
| 260 | _aთბილისი | ||
| 260 | _bსაქართველოს ტექნიკური უნ-ტი | ||
| 260 | _c2013 | ||
| 300 | _a951გვ.20სმ. | ||
| 300 | _eბიბლ.გვ.836-838. დანართი გვ.839 | ||
| 541 | _h28ლ. | ||
| 653 | _aინვესტიციების თეორია | ||
| 653 | _aინვესტიციების თეორიული გენეზისი | ||
| 942 | _cBK | ||
| 999 |
_c51316 _d51316 |
||